Les dieux grecs - Mort Subite - Statistiques

Statistiques générales
  • Ce quiz a été pris 1 089 fois
    584 depuis la dernière actualisation
  • Le résultat moyen est 8 sur 13
Answers on the Grid
Answers color-coded by a green-red scale on the quiz's grid according to % correct below.
Zeus
Junon
Jupiter
Hestia
Socrate
Athéna
Diane
Auguste
Déméter
Minerve
Héra
Cérès
Dionysos
Aphrodite
Platon
Neptune
Mars
Hadès
Démosthène
Héphaïstos
Artémis
Achéloos
Pluton
Vesta
Poséidon
Faunus
Vulcain
Hermès
Lima
Bacchus
 
Statistiques - réponses
Réponse % Correct
Zeus
99%
Athéna
69%
Dionysos
64%
Aphrodite
63%
Héra
60%
Déméter
59%
Poséidon
59%
Hadès
56%
Héphaïstos
56%
Hermès
56%
Artémis
55%
Hestia
51%
Achéloos
10%
Aucun quiz correspondant
Distribution des résultats
% des personnes avec chaque résultat
Percentile par nombre de réponses
Votre historique - résultats
Vous n’avez pas pris ce quiz depuis la dernière actualisation